| 000 | 00411nam a2200181Ia 4500 | ||
|---|---|---|---|
| 001 | 19402 | ||
| 005 | 20260306172650.0 | ||
| 008 | 260306t2005||||xx |||||||||||||| ||spa|| | ||
| 041 | _aESP | ||
| 082 |
_a659.1 _bR96 2005 |
||
| 100 |
_aRussell, J. Thomas _eAUT |
||
| 245 | 0 | _aPublicidad | |
| 260 | _c2005 | ||
| 300 |
_a766 páginas : _c27 cm. |
||
| 650 | _aGEN | ||
| 654 | _aCAN | ||
| 942 |
_cLIB _dJUS _fJUS _2ddc _n |
||
| 999 |
_c19402 _d19402 |
||